Vindicación de los derechos de la mujer / (Record no. 133599)

MARC details
000 -LEADER
campo de control de longitud fija 00907nam a2200277 i 4500
001 - NÚMERO DE CONTROL
campo de control 133599
003 - IDENTIFICADOR DE NÚMERO DE CONTROL
campo de control ES-MaACL
005 - FECHA Y HORA DE LA ÚLTIMA TRANSACCIÓN
campo de control 20250902063105.0
007 - CAMPO FIJO DE DESCRIPCIÓN FÍSICA--INFORMACIÓN GENERAL
campo de control de longitud fija t|
008 - DATOS DE LONGITUD FIJA--INFORMACIÓN GENERAL
campo de control de longitud fija 070821s1977 sp ||||1| spa d
080 ## - NÚMERO DE LA CLASIFICACIÓN DECIMAL UNIVERSAL
Número de la Clasificación Decimal Universal 342.7-055.2(410)"17"
080 ## - NÚMERO DE LA CLASIFICACIÓN DECIMAL UNIVERSAL
Número de la Clasificación Decimal Universal 37.04-055.2(410)"17"
100 1# - ENTRADA PRINCIPAL--NOMBRE DE PERSONA
Nombre de persona Wollstonecraft, Mary.
9 (RLIN) 117288
245 10 - MENCIÓN DEL TÍTULO
Título Vindicación de los derechos de la mujer /
Mención de responsabilidad, etc. Mary Wollstonecraft ; traducción de Charo Ema y Mercedes Barat.
260 ## - PUBLICACIÓN, DISTRIBUCIÓN, ETC.
Lugar de publicación, distribución, etc. Madrid :
Nombre del editor, distribuidor, etc. Debate,
Fecha de publicación, distribución, etc. 1977
300 ## - DESCRIPCIÓN FÍSICA
Extensión 281 p. ;
Dimensiones 21 cm.
490 1# - MENCIÓN DE SERIE
Mención de serie Tribuna feminista (Debate)
RLIN 242181
650 14 - PUNTO DE ACCESO ADICIONAL DE MATERIA--TÉRMINO DE MATERIA
Término de materia o nombre geográfico como elemento de entrada Mujeres-
Subdivisión general Derechos-
Subdivisión geográfica Gran Bretaña
9 (RLIN) 15266
650 #4 - PUNTO DE ACCESO ADICIONAL DE MATERIA--TÉRMINO DE MATERIA
Término de materia o nombre geográfico como elemento de entrada Mujeres-
Subdivisión general Educación-
Subdivisión geográfica Gran Bretaña.
9 (RLIN) 144767
700 1# - ENTRADA AGREGADA--NOMBRE PERSONAL
Nombre de persona Ema, Charo.
9 (RLIN) 47133
700 1# - ENTRADA AGREGADA--NOMBRE PERSONAL
Nombre de persona Barat, Mercedes.
9 (RLIN) 25337
830 #0 - PUNTO DE ACCESO ADICIONAL DE SERIE-TÍTULO UNIFORME
Título uniforme Tribuna feminista (Debate)
9 (RLIN) 242181
852 ## - LOCALIZACIÓN
Ubicación ES-MaACL
Número de control de estantería A-7778
942 ## - ELEMENTOS DE ENTRADA SECUNDARIOS (KOHA)
Fuente del sistema de clasificación o colocación Clasificación decimal universal
Holdings
Estatus retirado Estado de pérdida Estado de daño No para préstamo Biblioteca de origen Biblioteca actual Ubicación en estantería Fecha de adquisición Fuente de adquisición Total de préstamos Signatura topográfica completa Código de barras Visto por última vez Precio de reemplazo Tipo de ítem Koha
        Biblioteca del Ateneo de Madrid Biblioteca del Ateneo de Madrid Sala Pecera Planta 1 17/01/2008     A-7778 1139078 23/02/2023 23/02/2023 Libro impreso